00483 a2200157 4500010001400000020002300014035001300037037001800050082001100068100001900079245006200098246004200160260003900202270006100241300002300302 aENG-85267 c300.00a817056381X aEN-68800 bD.B.Act / Pub14a808.881 aVarma, Ravi S.1 aComposition and Communication gleaningscby Ravi S. Varma aComposition & Communication gleanings aJaipurbPanchsheel Prakashanc2006 aFilm ColonybJaipurcRajasthane302003k2315072l5113854 a221 pc22 cm. (Hb)